000 00527nam a2200193Ia 4500
003 GCL
008 140319s9999 xx 000 0 ara d
040 _aGCL /
_cGCL
082 0 4 _a220
_bص م
100 1 _aصبحى الصالح
245 1 0 _aمباحث فى علوم القران /
_cصبحى الصالح
300 _a381 ص
490 _a
650 0 4 _aالقران - تفسير
650 0 4 _aالقران - اعجاز
650 0 4 _aالقران - الفاظ
650 0 4 _aالقران - علوم
942 _2ddc
_cBK
999 _c37664
_d37664